00715nam a22002057a 450000500170000000800410001702000150005805000250007310000170009824500720011526000530018730000340024052100080027456200060028265000240028865000530031294200170036599900150038295201120039720140310181719.0130228t xxu||||| |||| 00| 0 eng d a9812611339 aDS 799.4 b.B38 2010 aBates, Chris aTaiwan :ba survival guide to customs and etiquette /cBates, Chris aSingapore :bMarshall Cavendish Editions,c2005. a292 p. :c21 cm.bill. col. ; aTOU e1 aTaiwan--Guidebooks  a 2. Taiwan--Social life and customs--Guidebooks  2lcccBKkFOR c1899d1899 00102lcc40aCLbCLcGCd2013-02-28l0oDS 799.4 .B38 2010pC16349r2018-05-15 00:00:00t1w2013-02-28yBK